| 000 | 01336cam a2200385 i 4500 | ||
|---|---|---|---|
| 999 |
_c200443153 _d61365 |
||
| 001 | 200443153 | ||
| 003 | TR-AnTOB | ||
| 005 | 20240905143737.0 | ||
| 007 | ta | ||
| 008 | 130924t20172013tu a b 000 0 tur d | ||
| 020 | _a9786053430421 | ||
| 035 | _a(OCoLC) | ||
| 040 |
_aSULEY _beng _erda _cSULEY _dTR-AnTOB |
||
| 041 | 1 |
_atur _heng |
|
| 050 | 1 | 4 |
_aHB74.P8 _bT53519 2017 |
| 090 |
_aHB74.P8 _bT53519 2017 |
||
| 100 | 1 |
_aThaler, Richard H. _eauthor _950787 |
|
| 240 | 1 | 0 |
_aNudge. _lTurkish. |
| 245 | 1 | 0 |
_aDürtme : _bsağlık, zenginlik ve mutluluk ile ilgili kararları uygulamak / _cRichard H. Thaler, Cass R. Sunstein ; İngilizceden çeviren : Enver Günsel. |
| 250 | _a5. Baskı: Kasım 2017 | ||
| 264 | 1 |
_aİstanbul : _bPegasus Yayınları, _c2017. |
|
| 300 |
_a334 pages : _billustrations ; _c21 cm |
||
| 336 |
_atext _2rdacontent _btxt |
||
| 337 |
_aunmediated _2rdamedia _bn |
||
| 338 |
_avolume _2rdacarrier _bnc |
||
| 490 | 0 |
_aPegasus Yayınları; _v611 |
|
| 500 | _aEserin özgün adı: The nudge. | ||
| 650 | 7 |
_aEkonomi _xPsikolojik yönleri _922790 _2etuturkob |
|
| 650 | 0 |
_aTüketici davranışı _915123 |
|
| 650 | 7 |
_aKarar verme _xPsikolojik yönleri _2 _9131967 |
|
| 700 | 1 |
_aSunstein, Cass R. _eauthor _9124690 |
|
| 700 | 1 |
_aGünsel, Enver _etranslator _955523 |
|
| 942 |
_2lcc _cBK |
||